Statistics for Most Popular Kid Television Shows of All Time

Click here to take the quiz!

General Stats

  • This quiz has been taken 36 times
  • The average score is 8 of 100

Answer Stats

NumberYears AiredTV Show% Correct
11969-PresentSesame Street
70%
141960-1966Flintstones
37%
31991-2004Rugrats
37%
822000-2014Dora the Explorer
26%
751992-1995Batman the Animated Series
22%
471996-2006Blue's Clues
22%
561996-2004Hey Arnold!
22%
21968-2001Mr. Rogers' Neighborhood
22%
71996-PresentArthur
19%
281991-1999Doug
19%
451983-1987Fraggle Rock
19%
231965-1987Jetsons
19%
311933-PresentLooney Toons
19%
301998-2005Powerpuff Girls
19%
131969-PresentScooby-Doo
19%
151961-1991Yogi Bear
19%
921934-PresentDonald Duck
15%
241983-2006Reading Rainbow
15%
951997-2001Recess
15%
41971-1977The Electric Company
15%
81976-1981The Muppet Show
15%
511963-2010The Pink Panther
15%
461984-1987The Transformers
15%
171968-1969Wacky Races
15%
911958-1988Huckleberry Hound
11%
901942-1966Mighty Mouse
11%
941984-1991Muppet Babies
11%
651984-1986Rainbow Brite
11%
791961-1962Top Cat
11%
261972-1978Zoom
11%
681999-2000Are You Afraid of the Dark
7%
411989-2002Babar
7%
351997-2006Bear in the Big Blue House
7%
811985-PresentCare Bears
7%
601996-1998Casper
7%
51984-1992Cosby Show
7%
101987-1995Full House
7%
881995-2003Little Bear
7%
421995-1998Pinky and the Brain
7%
91984-1988Punky Brewster
7%
491998-2004The Wild Thornberrys
7%
851984-1985Voltron
7%
221966-20077th Heaven
4%
971996-2000Adventures From the Book of Virtues
4%
771952-1966Adventures of Ozzie and Harriet
4%
521972Amazing Chan and the Chan Clan
4%
732000-2010Between the Lions
4%
211964-1972Bewitched
4%
271993-1998Bill Nye the Science Guy
4%
631960-2000Bugs Bunny Show
4%
961978Challenge of the Super Friends
4%
481991-1994Clarissa Explains It All
4%
572002-2008Codename: Kids Next Door
4%
991960-1962Courageous Cat and Minute Mouse
4%
662006-2014Curious George
4%
612013-PresentDisney Mickey Mouse
4%
761943-1958Droopy Dog
4%
741989-1995Eureeka's Castle
4%
831982-1989Family Ties
4%
341972-1985Fat Albert and the Cosby Kids
4%
691964-1967Flipper
4%
531949-1958Foghorn Leghorn
4%
331974-1984Happy Days
4%
201965-1970I Dream of Jeannie
4%
61951-1957I Love Lucy
4%
551997-2004Johnny Bravo
4%
541964-1965Jonny Quest
4%
431984-1994Kids Incorporated
4%
871961-1966Mr Ed
4%
402019-PresentMr. Magoo
4%
801992My Little Pony Tales
4%
391965-1966My Mother the Car
4%
251992-2015Nick News with Linda Ellerbee
4%
721973-1996Schoolhouse Rock!
4%
581982-1984Shirt Tales
4%
932003-2008Strawberry Shortcake
4%
361979Super Globetrotters
4%
782002-2006The Adventures of Jimmy Neutron: Boy Genius
4%
191960-1968The Andy Griffith Show
4%
862010-PresentThe Cat in the Hat Knows a Lot About That!
4%
441995-1999The Little Lulu Show
4%
591969-1970The Perils of Penelope Pitstop
4%
641995-1998The Puzzle Place
4%
291971-1981The Waltons
4%
321954-PresentThe Wonderful World of Disney
4%
701999-2001Zaboomafoo
4%
1001979-1981B.J. and the Bear
0%
161991-1995Blossom
0%
981984-1990Charles in Charge
0%
111998-2000Kids Say The Darndest Things
0%
501960-1972My Three Sons
0%
621950-PresentPeanuts (Charlie Brown)
0%
711974-1989Picture Pages
0%
371985-1989Small Wonder
0%
891982-1983Square Pegs
0%
121969-1974The Brady Brunch
0%
671982-1986The Edison Twins
0%
181979-1988The Facts of Life
0%
841994-1997The Magical School Bus
0%
381966-1968The Rat Patrol
0%

Score Distribution

Percentile by Number Answered

Percent of People with Each Score

Your Score History

You have not taken this quiz